Statistiques concernant Finales CDM Rugby

Cliquez ici pour prendre le quiz!

Statistiques générales

  • Ce quiz a été pris 84 fois
  • Le résultat moyen est 20 sur 20

Statistiques - réponses

IndiceRépondre% Correct
198729Nouvelle-Zélande
100%
199512Nouvelle-Zélande
100%
201534Nouvelle-Zélande
100%
20118Nouvelle-Zélande
100%
202311Nouvelle-Zélande
100%
199515Afrique du Sud
99%
201932Afrique du Sud
99%
202312Afrique du Sud
99%
200715Afrique du Sud
99%
200320Angleterre
99%
20076Angleterre
99%
19916Angleterre
99%
201912Angleterre
99%
19879France
99%
20117France
99%
199912France
99%
199935Australie
95%
200317Australie
95%
199112Australie
95%
201517Australie
95%

Distribution des résultats

Percentile par nombre de réponses

% des personnes avec chaque résultat

Votre développement - résultats

Vous n’avez pas pris ce quiz